| 000 | 00322nam a2200109Ia 4500 | ||
|---|---|---|---|
| 008 | 230320s9999||||xx |||||||||||||| ||spa|| | ||
| 082 | _a193/S63 | ||
| 100 | _aSobrevilla, David | ||
| 245 | 0 | _aLa Filosofía Alemana Desde Nicolás De Cusa Hasta Nuestro Dias | |
| 260 | _bUniversidad Peruana Cayetano Heredia | ||
| 942 |
_80 _cLIB |
||
| 999 |
_c26366 _d26366 |
||